<?xml version="1.0" encoding="UTF-8"?>
<collection xmlns="http://www.loc.gov/MARC21/slim">
 <record>
  <leader>00482pamaa2200133   4500</leader>
  <controlfield tag="001">0000027741</controlfield>
  <controlfield tag="005">20100719090000.0</controlfield>
  <datafield tag="020" ind1="0" ind2="0">
   <subfield code="a">Nil </subfield>
  </datafield>
  <datafield tag="090" ind1="0" ind2="0">
   <subfield code="a">HF5603 </subfield>
   <subfield code="b">REE 2010</subfield>
  </datafield>
  <datafield tag="245" ind1="1" ind2="0">
   <subfield code="a">Re-engineering the financial system towards a global innovation economy; </subfield>
   <subfield code="f">12the Malaysian Finance Association conference (MFA) 2010.</subfield>
  </datafield>
  <datafield tag="260" ind1="0" ind2="0">
   <subfield code="a">Subang Jaya: </subfield>
   <subfield code="b">Talor Business School, </subfield>
   <subfield code="c">2010.</subfield>
  </datafield>
  <datafield tag="300" ind1=" " ind2=" ">
   <subfield code="a">1 CD-ROM; </subfield>
   <subfield code="c">4.5 inch.</subfield>
  </datafield>
  <datafield tag="650" ind1="0" ind2="0">
   <subfield code="a">Finance, Public -- </subfield>
   <subfield code="x">Accounting -- </subfield>
   <subfield code="x">Congresses </subfield>
  </datafield>
  <datafield tag="901" ind1=" " ind2=" ">
   <subfield code="u">www.taylor.edu.my</subfield>
  </datafield>
 </record>
</collection>
